[Event "Backa Topola-ch"]
[Site "Backa Topola"]
[Date "2011.11.28"]
[Round "8"]
[White "Golupski, Vladislav"]
[Black "Holobica, Laszlo"]
[Result "1-0"]
[WhiteElo "1908"]
[BlackElo "1672"]
[PlyCount "35"]
[EventDate "2011.11.11"]
[EventType "swiss"]
[EventRounds "9"]
[EventCountry "SRB"]
[SourceTitle "CBM 145 Extra"]
[Source "ChessBase"]
[SourceDate "2012.01.03"]
[SourceVersion "1"]
[SourceVersionDate "2012.01.03"]
[SourceQuality "1"]

1. e4 c6 2. d3 d5 3. Nd2 dxe4 4. dxe4 Nd7 5. Ngf3 Nb6 6. Bd3 Nf6 7. 0-0 Bg4 8. b3 h6 9. Qe1 e6 10. Bb2 Be7 11. Ne5 Bh5 12. h3 Nbd7 13. Ndc4 0-0 14. f4 Nxe5 15. Nxe5 Bc5+ 16. Kh1 Nd7 17. Nxd7 Qxd7 18. Qc3 1-0